00893cam a22002531 4500001001300000003000400013005001700017008004100034010001700075035001900092040002500111050002200136051002400158100005200182245006700234260004800301300006800349490006800417504003000485650003800515650002200553830004700575999001700622gs 15001038 DLC20260227111319.0760803s1915 oncbf b 000 0 eng  ags 15001038  a(OCoLC)2351500 aDLCcOTUdNSbSUdDLC00aQE185b.A2 no. 34 aQE665b.S6cCopy 2.1 aStauffer, Clinton R.q(Clinton Raymond),d1875-14aThe Devonian of southwestern Ontario,cby Clinton R. Stauffer. aOttawa,bGovernment printing bureau,c1915. a1 p. 1., v, 341 p. incl. xx pl.bfold. map (in pocket)c25 cm.1 aCanada. Geological survey. Memoir 34; Geological seriesvno. 63 aBibliography: p. 259-270. 0aGeology, StratigraphicyDevonian. 0aGeologyzOntario. 0aMemoir (Geological Survey of Canada) ;v34 c25620d25620